000 00683nam a22002177a 4500
003 UA-OsUOA
001 42084
007 ta
008 20061024b un ||||| |||| 00| 0 ukr d
100 _aТелкова В.
090 _a82
_bТ-11
942 _cSA
040 _aUA-OsUOA
_bukr
_cUA-OsUOA
_dUA-OsUOA
245 _aВзаємозв'язок різних видів мистецтва на уроках зарубіжної літератури
300 _aС.18-23
955 _a0
041 _aukr
080 _a82
773 0 _w42083
_tЗарубіжна література
_dК.
_d2006
_g39
650 7 _a82 Література. Літературознавство
_2UDC
999 _c328222
_d328222